DC- Injustice Insurgency Members - Statistics

General Stats
  • This quiz has been taken 216 times
    207 since last reset
  • The average score is 14 of 33
Answer Stats
Name Status % Correct
Bruce Wayne/Batman alive
98%
Oliver Queen/Green Arrow deceased
90%
Harleen Quinzel/Harley Quinn alive
80%
Dinah Lance/Black Canary alive
76%
Barry Allen/Flash alive
74%
Lex Luthor deceased
67%
Selina Kyle/Catwoman alive
67%
Barbara Gordon/Batgirl alive
59%
Dick Grayson/Deadman deceased(ghost)
59%
J'onn J'onnz/Martian Manhunter deceased
55%
Kent Nelson/Doctor Fate alive
53%
Slade Wilson/Deathstroke alive
53%
Zatanna Zatara alive
53%
Katherine Kane/Batwoman deceased
49%
Helena Bertinelli/Huntress deceased
45%
Arthur Curry/Orin/Aquaman alive
44%
Boston Brand/Deadman deceased
41%
Alfred Pennyworth deceased
39%
Nathaniel Adam/Captain Atom deceased
38%
John Constantine alive
35%
Jefferson Pierce/Black Lightning alive
28%
Bobo T.Chimpanzee/Detective Chimp deceased
27%
Renee Montoya deceased
22%
Jason Blood/Etrigan the Demon deceased
21%
Klarion Bleak/Klarion the Witch Boy deceased
21%
Evan McCulloch/Mirror Master alive
20%
James Gordon deceased
20%
Harvey Bullock alive
18%
Mark Mardon/Weather Wizard deceased
18%
Mick Rory/Heat Wave deceased
18%
Rory Regan/Ragman deceased
18%
Lisa Snart/Golden Glider alive
16%
Teekl alive
10%
No matching quizzes found
Score Distribution
Percent of People with Each Score
Percentile by Number Answered
Your Score History
You have not taken this quiz since the last reset